Sports Quiz

Random Sports or College Quiz

College Sports Logos Quiz Stats

 Plays Quiz Updated Sep 26, 2014

Challenge
Share
Tweet
Score 0/25 Timer 03:00
0 Plays Today
Number College/University % Correct
2Texas
97.8%
9Notre Dame
95.1%
6Miami
93.2%
7Clemson
92%
14Wisconsin
90.9%
12Stanford
87.1%
1Hawaii
86.9%
5Ohio State
86.8%
15Florida State
86.8%
18Arkansas
83.9%
19Iowa
81.5%
25Northwestern
80.2%
24Arizona State
79.9%
Number College/University % Correct
13South Carolina
79.3%
8Kansas State
76.6%
4Army
72.1%
3Wyoming
69.5%
17Temple
68%
16Marshall
66.8%
22East Carolina
66.6%
23Colorado State
59.9%
21Wake Forest
59.8%
10Buffalo
59.5%
20San Jose State
45.4%
11North Texas
34.6%

You're not logged in!

Compare scores with friends on all Sporcle quizzes.
OR
Log In

You Might Also Like...

Show Comments

Extras

Top Quizzes Today


Score Distribution

Your Account Isn't Verified!

In order to create a playlist on Sporcle, you need to verify the email address you used during registration. Go to your Sporcle Settings to finish the process.

Report this User

Report this user for behavior that violates our Community Guidelines.

Details: